00863nas a2200229Ia 4500001001100000003000900011008004100020040001300061040001300074041001300087100004200100210001700142222001700159245010800176250001100284260003900295501008600334300001600420362003900436500012200475650003600597R010/67307IT-RoPAU151124c99999999xx |||||||||||| ||und|| aIT-RoPAU cIT-RoPAU aITALIANO aRenzi RenzogCodice Aut. SPICS: 2113 aCINEMA NUOVO aCinema Nuovo aCINEMA NUOVO, ANNO 01-N.001 (15 DICEMBRE 1952)bUna Tendenza Sedentaria Contro Gli Impegni Del Realismo a1a ed. aVICENZAbSCUOLA DI ARZIGNANOc1952 bPaulus - SPICS - Società San Paolo EM (non-commercial uses only)cCopyright2015 a4 p. [9-30] aANNO 001, N.001 (15 DICEMBRE 1952) aAmbiente Civile e Culturale in Cui sono Nati i Nostri Ultimi Film Come Bellissima, Due Soldi di Speranza e Umberto D. aCINEMAvPUBBLICAZIONE PERIODICA